GWS Giants Squad - Statistics

General Stats
  • This quiz has been taken 5 times
  • The average score is 38 of 44
Answer Stats
Number Answer % Correct
5 Aaron Cadman
100%
16 Brent Daniels
100%
8 Callan Ward
100%
39 Connor Idun
100%
2 Darcy Jones
100%
17 Finn Callaghan
100%
27 Harry Himmelberg
100%
24 Harry Rowston
100%
1 Harvey Thomas
100%
44 Jack Buckley
100%
10 Jacob Wehr
100%
38 Josaia Delana
100%
22 Josh Kelly
100%
32 Kieren Briggs
100%
7 Lachie Ash
100%
6 Lachie Whitfield
100%
21 Leek Aleer
100%
41 Nicholas Madden
100%
9 Ryan Angwin
100%
15 Sam Taylor
100%
3 Stephen Coniglio
100%
4 Toby Greene
100%
12 Tom Green
100%
18 Conor Stone
80%
20 Jake Stringer
80%
30 James Leake
80%
23 Jesse Hogan
80%
37 Joe Fonti
80%
34 Josh Fahey
80%
25 Lachlan Keeffe
80%
36 Logan Smith
80%
42 Nathan Wardius
80%
11 Phoenix Gothard
80%
14 Toby Bedford
80%
31 Toby McMullin
80%
33 Xavier O'Halloran
80%
46 Callum Brown
60%
29 Cody Angove
60%
28 Jack Ough
60%
26 Jake Riccardi
60%
35 Max Gruzewski
60%
13 Oliver Hannaford
60%
19 Harrison Oliver
40%
45 Wade Derksen
40%
No matching quizzes found
Score Distribution
Percent of People with Each Score
Percentile by Number Answered
Your Score History
You have not taken this quiz